000 02633nam a2200445 c 4500
003 BLK
005 20240820142250.0
008 180408b bul|||||r ||||||| ||bul||
010 _aKNG00068021000
020 _a954-608-133-7
040 _aBLK
041 _aBUL
_cBUL
080 _aПолитически партии и движения
_b329
_x(497.2)БКП(091)(092)(093.3)
_z329(497.2)БКП(091)(092)(093.3)
080 _aПолитика. Вж и 341 ; 342
_b32
_x(497.2)((093.3)
_z32(497.2)(093.3)
080 _aБългарски държавник, политик, деец на БКП
_b929 Живков, Тодор Христов
_z929 Живков, Тодор Христов
100 _aЖивков, Тодор Христов
_d1911 - 1998
_gБългарски политик, БКП. Първи секретар и генерален секретар на ЦК на БКП, председател на Министерския съвет и председател на Държавния съвет на НРБ
_9365041
139 _aЖивков, Тодор Христов
_bЖ 48
245 1 0 _aМемоари
_cТодор Христов Живков.
250 _a2. доп. изд.
257 _aBGR
260 _bТруд и право
_bМТ-студио
_c2006
_fСофия : Д. Благоев
300 _a704
_bсъс сн.
_c24 см
380 _a3
500 _a1. изд. 1997 на изд. Абагар - В. Търново. - Съдържа и Тодор Живков след написване на мемоарите ; Накратко за мемоарите на Тодор Живков / Христо Н. Малеев. - Екологичната обстановка в Русе, с. 364-366; 439.
600 0 _aЖивков, Тодор Христов
_d1911 - 1998
_gБългарски политик, БКП. Първи секретар и генерален секретар на ЦК на БКП, председател на Министерския съвет и председател на Държавния съвет на НРБ
_9365041
650 4 _aБКП - дейци - спомени
_9241772
650 4 _aПолитика - дейци
_9285040
650 4 _aБългария - политика - спомени
_9249389
653 _aмемоари
653 _aбългарски политици
653 _aТодор Живков
852 _aЦб 229124
856 4 _qpdf
856 4 _qpdf
942 _cKNG
_n0
_013
944 _aCR
_c19.09.2006
_k30564
_lГалина Якимова
944 _aED
_c01.02.2010
999 _c63762
_d63762
999 _d63762
999 _d63762